|
|
|
|
| LEADER |
00000nab a2200000uu 4500 |
| 001 |
vtls010876044 |
| 003 |
SK-MaSNL |
| 005 |
20260303163059.0 |
| 008 |
230303|1965 xo |||||||||||||||||cze| |
| 015 |
|
|
|a SNBRB
|
| 035 |
|
|
|a (urnnbn)urn:nbn:sk:snk:ar-0061n9
|
| 035 |
|
|
|a (uuid)6342bfb8-7e0f-42c6-acf2-2c8234244ca5
|
| 035 |
|
|
|a urn:nbn:sk:snk-ab7prt
|
| 040 |
|
|
|a SNKBUCL
|b slo
|c SNKBUCL
|e AACR2
|
| 041 |
0 |
|
|a cze
|
| 044 |
|
|
|a xo
|c SK
|
| 100 |
1 |
|
|a Špačková, A.
|4 aut
|9 1186972
|
| 245 |
1 |
0 |
|a Spektrální stanovení berylia v silikátech
|c A. Špačková, M. Plosová
|
| 700 |
1 |
|
|a Plosová, M.
|4 aut
|9 1186973
|
| 773 |
0 |
|
|t Chemické zvesti
|g Roč. 19, č. 6 (1965), s. 475-480
|
| 958 |
|
|
|a OND
|
| 958 |
|
|
|a EUIPO
|
| 958 |
|
|
|a article8
|
| 999 |
|
|
|c 2058749
|d 2060679
|